[Event "Bundesliga 1819"]
[Site "Germany"]
[Date "2019.04.06"]
[Round "14.6"]
[White "Kukov, Velislav"]
[Black "Lobzhanidze, Davit"]
[Result "1/2-1/2"]
[WhiteElo "2362"]
[BlackElo "2428"]
[PlyCount "52"]
[EventDate "2018.11.10"]
[EventType "team-tourn"]
[EventRounds "15"]
[EventCountry "GER"]
[SourceTitle "CBM 189 Extra"]
[Source "ChessBase"]
[SourceDate "2019.06.03"]
[SourceVersion "1"]
[SourceVersionDate "2019.06.03"]
[SourceQuality "1"]
[WhiteTeam "Augsburg"]
[BlackTeam "Hofheim"]
[WhiteTeamCountry "GER"]
[BlackTeamCountry "GER"]

1. Nf3 Nf6 2. g3 d5 3. Bg2 e6 4. 0-0 Be7 5. d3 b6 6. Nbd2 Bb7 7. e4 c5 8. e5 Nfd7 9. Re1 Nc6 10. c3 Qc7 11. Qe2 g5 12. h3 h5 13. Nf1 g4 14. hxg4 hxg4 15. N3h2 Qxe5 16. Nxg4 Qxe2 17. Rxe2 0-0-0 18. Bf4 Nf8 19. Nh6 Rh7 20. Ng8 Ng6 21. Nxe7+ Ncxe7 22. Bg5 Rd7 23. Nh2 Rh5 24. f4 Rh8 25. Ng4 Nf5 26. Kf2 d4 1/2-1/2

[Event "Bundesliga 1819"]
[Site "Germany"]
[Date "2018.12.15"]
[Round "5.6"]
[White "Lobzhanidze, Davit"]
[Black "Heinemann, Thies"]
[Result "1/2-1/2"]
[WhiteElo "2428"]
[BlackElo "2521"]
[PlyCount "138"]
[EventDate "2018.11.10"]
[EventType "team-tourn"]
[EventRounds "15"]
[EventCountry "GER"]
[SourceTitle "CBM 187 Extra"]
[Source "ChessBase"]
[SourceDate "2018.11.04"]
[SourceVersion "1"]
[SourceVersionDate "2018.11.04"]
[SourceQuality "1"]
[WhiteTeam "Hofheim"]
[BlackTeam "Hamburger SK"]
[WhiteTeamCountry "GER"]
[BlackTeamCountry "GER"]

1. e4 c5 2. Nf3 d6 3. d4 cxd4 4. Nxd4 Nf6 5. Nc3 a6 6. Be3 e5 7. Nf3 Be7 8. Bc4 0-0 9. 0-0 Nc6 10. Qe2 Na5 11. Bb3 Be6 12. Rfd1 Nd7 13. Bd5 Rc8 14. a4 h6 15. h3 Qc7 16. Nh2 Nf6 17. Nf1 Nc4 18. Bc1 Nxd5 19. Nxd5 Bxd5 20. Rxd5 Nb6 21. Rd3 Qxc2 22. Qxc2 Rxc2 23. Rb3 Bh4 24. g3 Bd8 25. Ne3 Rc6 26. a5 Nc4 27. Nxc4 Rxc4 28. Rxb7 Bxa5 29. Rxa5 Rxc1+ 30. Kg2 Rc6 31. Ra7 f5 32. R5xa6 Rc2 33. Ra8 fxe4 34. Rxf8+ Kxf8 35. Rxd6 Ke7 36. Rd1 e3 37. Re1 Rxf2+ 38. Kg1 Rxb2 39. Rxe3 Ke6 40. Ra3 h5 41. Ra7 g6 42. Ra6+ Kf5 43. Rc6 Rb4 44. Kf2 g5 45. Rc8 Rb2+ 46. Ke3 Rb3+ 47. Kf2 h4 48. Rf8+ Ke4 49. gxh4 gxh4 50. Kg2 Rb2+ 51. Kg1 Rb3 52. Kg2 Rg3+ 53. Kh2 Rf3 54. Ra8 Ke3 55. Rh8 Rf4 56. Kg2 e4 57. Ra8 Rf2+ 58. Kg1 Rd2 59. Rh8 Kf3 60. Rf8+ Kg3 61. Kf1 Rh2 62. Rf7 Kxh3 63. Re7 Kg3 64. Rxe4 Rh1+ 65. Ke2 h3 66. Re3+ Kf4 67. Kf2 Rh2+ 68. Kg1 Rg2+ 69. Kh1 Kxe3 1/2-1/2

[Event "Bundesliga 1819"]
[Site "Germany"]
[Date "2018.11.11"]
[Round "2.8"]
[White "Lobzhanidze, Davit"]
[Black "Boensch, Uwe"]
[Result "1/2-1/2"]
[WhiteElo "2428"]
[BlackElo "2553"]
[PlyCount "47"]
[EventDate "2018.11.10"]
[EventType "team-tourn"]
[EventRounds "15"]
[EventCountry "GER"]
[SourceTitle "CBM 187 Extra"]
[Source "ChessBase"]
[SourceDate "2018.11.04"]
[SourceVersion "1"]
[SourceVersionDate "2018.11.04"]
[SourceQuality "1"]
[WhiteTeam "Hofheim"]
[BlackTeam "Dresden TU"]
[WhiteTeamCountry "GER"]
[BlackTeamCountry "GER"]

1. d4 Nf6 2. Bf4 g6 3. Nc3 Bg7 4. e4 d6 5. Qd2 c6 6. 0-0-0 b5 7. f3 Nbd7 8. Bh6 Bxh6 9. Qxh6 Qa5 10. Kb1 b4 11. Nce2 c5 12. Nc1 cxd4 13. Rxd4 Qb6 14. Rd1 Ne5 15. Qd2 a5 16. Qd4 Qxd4 17. Rxd4 0-0 18. Nge2 Bd7 19. Nf4 Rfc8 20. Be2 Kg7 21. Rhd1 g5 22. Nd5 Nxd5 23. Rxd5 Be6 24. R5d4 1/2-1/2

[Event "Bundesliga 1819"]
[Site "Germany"]
[Date "2018.11.10"]
[Round "1.8"]
[White "Jakubowski, Krzysztof"]
[Black "Lobzhanidze, Davit"]
[Result "1-0"]
[WhiteElo "2510"]
[BlackElo "2428"]
[PlyCount "113"]
[EventDate "2018.11.10"]
[EventType "team-tourn"]
[EventRounds "15"]
[EventCountry "GER"]
[SourceTitle "CBM 187 Extra"]
[Source "ChessBase"]
[SourceDate "2018.11.04"]
[SourceVersion "1"]
[SourceVersionDate "2018.11.04"]
[SourceQuality "1"]
[WhiteTeam "Berlin SF"]
[BlackTeam "Hofheim"]
[WhiteTeamCountry "GER"]
[BlackTeamCountry "GER"]

1. c4 e6 2. d4 Nf6 3. Nc3 Bb4 4. Nf3 b6 5. e3 Bb7 6. Bd3 Ne4 7. 0-0 Nxc3 8. bxc3 Be7 9. e4 d6 10. a4 a5 11. Ne1 0-0 12. f4 e5 13. Nc2 f5 14. exf5 e4 15. Be2 Rxf5 16. Bg4 Rf6 17. Ne3 c6 18. Rb1 Nd7 19. Qb3 Kh8 20. Bxd7 Qxd7 21. Qxb6 Bc8 22. d5 c5 23. Qc6 Qa7 24. Qb6 Rf8 25. Qxa7 Rxa7 26. Bd2 Bd7 27. Rb5 Rc8 28. Re1 Bd8 29. Nc2 Bxb5 30. cxb5 Re7 31. Ne3 c4 32. Nf5 Bb6+ 33. Be3 Bxe3+ 34. Rxe3 Rd7 35. Rxe4 g6 36. Nd4 Kg7 37. Nc6 h6 38. Rxc4 Re8 39. Kf2 g5 40. Nd4 gxf4 41. Ne6+ Kg6 42. Kf3 Rf7 43. Rc6 Rd7 44. Nc5 Re3+ 45. Kxf4 Rde7 46. Rxd6+ Kf7 47. Rxh6 Rxc3 48. Ne6 Rc1 49. Ke5 Rd7 50. Ng5+ Kg8 51. d6 Rg7 52. Ne4 Rd1 53. g4 Re1 54. Kd5 Rf7 55. Re6 Kf8 56. Nc5 Rd1+ 57. Kc6 1-0

[Event "Bundesliga 1718"]
[Site "Germany"]
[Date "2018.04.30"]
[Round "14.1"]
[White "Wagner, Dennis"]
[Black "Lobzhanidze, Davit"]
[Result "1-0"]
[WhiteElo "2564"]
[BlackElo "2432"]
[PlyCount "117"]
[EventDate "2017.10.21"]
[EventType "team-tourn"]
[EventRounds "15"]
[EventCountry "GER"]
[SourceTitle "CBM 184"]
[Source "ChessBase"]
[SourceDate "2018.05.16"]
[SourceVersion "1"]
[SourceVersionDate "2018.05.16"]
[SourceQuality "1"]
[WhiteTeam "Hockenheim"]
[BlackTeam "Hofheim"]
[WhiteTeamCountry "GER"]
[BlackTeamCountry "GER"]

1. e4 e5 2. Nf3 Nc6 3. Bb5 a6 4. Ba4 Nf6 5. 0-0 Be7 6. Re1 b5 7. Bb3 d6 8. c3 0-0 9. h3 Nb8 10. d4 Nbd7 11. c4 c6 12. Nc3 b4 13. Ne2 c5 14. dxe5 dxe5 15. Ng3 Qc7 16. Nf5 Nb6 17. Nxe7+ Qxe7 18. a3 bxa3 19. Rxa3 Rd8 20. Qc2 Nfd7 21. Ra5 Bb7 22. Bg5 f6 23. Be3 Rdc8 24. Ba2 Nf8 25. Qb3 Nfd7 26. Nd2 Rab8 27. Qa3 Kh8 28. Rb1 Rc7 29. f3 Bc8 30. Kh2 Bb7 31. b4 cxb4 32. Rxb4 Nc8 33. Qb3 Qd8 34. Ra3 Ne7 35. Qc3 Nc6 36. Rb1 Bc8 37. Rxb8 Ncxb8 38. c5 Nf8 39. Nc4 Be6 40. Qa5 h6 41. Nd6 Bxa2 42. Rxa2 Kh7 43. Rb2 Ne6 44. Qa2 Nd4 45. Bxd4 exd4 46. Qd5 Nc6 47. f4 a5 48. Rb6 Ne7 49. Qxd4 Ra7 50. e5 fxe5 51. Qe4+ Kg8 52. Qxe5 Qf8 53. Ne4 Kh7 54. c6 Ng6 55. Qd6 a4 56. Rb7 Ra8 57. c7 Rc8 58. Qxf8 Nxf8 59. Nd6 1-0

[Event "Bundesliga 1718"]
[Site "Germany"]
[Date "2018.02.04"]
[Round "8.4"]
[White "Lobzhanidze, Davit"]
[Black "Gajewski, Grzegorz"]
[Result "1-0"]
[WhiteElo "2432"]
[BlackElo "2630"]
[PlyCount "81"]
[EventDate "2017.10.21"]
[EventType "team-tourn"]
[EventRounds "15"]
[EventCountry "GER"]
[SourceTitle "CBM 183"]
[Source "ChessBase"]
[SourceDate "2018.03.14"]
[SourceVersion "1"]
[SourceVersionDate "2018.03.14"]
[SourceQuality "1"]
[WhiteTeam "Hofheim"]
[BlackTeam "Dresden"]
[WhiteTeamCountry "GER"]
[BlackTeamCountry "GER"]

1. e4 c5 2. Nf3 d6 3. d4 cxd4 4. Nxd4 Nf6 5. Nc3 a6 6. Be2 e5 7. Nb3 Be7 8. 0-0 0-0 9. a4 b6 10. Re1 Bb7 11. Bf3 Nc6 12. Bg5 Nb4 13. Qd2 Rc8 14. Rac1 Rc4 15. Qe2 Qc8 16. Bxf6 Bxf6 17. Bg4 Qc7 18. Nd2 Rc5 19. Nf1 d5 20. exd5 Nxd5 21. Nxd5 Bxd5 22. Ne3 Bb7 23. c4 e4 24. Rcd1 Bg5 25. Rd7 Qb8 26. Red1 Bc6 27. b4 Re5 28. R7d4 Bxa4 29. Ra1 b5 30. c5 f5 31. Nxf5 Rexf5 32. Bxf5 Rxf5 33. Rxe4 Rf8 34. h4 Bf6 35. Ra3 Rc8 36. Rae3 Kf8 37. g4 Rd8 38. g5 Bd1 39. Qa2 Bd4 40. Rd3 Bxc5 41. Rxd8+ 1-0

[Event "BL2-West 1617"]
[Site "Germany"]
[Date "2017.04.23"]
[Round "8.5"]
[White "Lutz, Christopher"]
[Black "Lobzhanidze, Davit"]
[Result "1/2-1/2"]
[WhiteElo "2535"]
[BlackElo "2430"]
[PlyCount "55"]
[EventDate "2016.10.16"]
[EventType "team-tourn"]
[EventRounds "9"]
[EventCountry "GER"]
[SourceTitle "EXT 2018"]
[Source "ChessBase"]
[SourceDate "2017.10.13"]
[SourceVersion "1"]
[SourceVersionDate "2017.10.13"]
[SourceQuality "1"]
[WhiteTeam "Koeln Porz"]
[BlackTeam "Hofheim"]
[WhiteTeamCountry "GER"]
[BlackTeamCountry "GER"]

1. e4 e5 2. Nf3 Nc6 3. Bb5 a6 4. Ba4 Nf6 5. 0-0 Be7 6. Re1 b5 7. Bb3 d6 8. c3 0-0 9. h3 Nb8 10. d4 Nbd7 11. Nbd2 Bb7 12. Bc2 Re8 13. Nf1 Bf8 14. Ng3 g6 15. a4 Bg7 16. Bd3 c6 17. Bg5 Nf8 18. Qc2 Ne6 19. Be3 Nd7 20. Rad1 Qc7 21. b4 bxa4 22. Qxa4 a5 23. bxa5 Rxa5 24. Qb3 Rb8 25. dxe5 dxe5 26. Qc2 Ndc5 27. Bc4 Ba6 28. Bxa6 1/2-1/2

[Event "BL2-West 1617"]
[Site "Germany"]
[Date "2016.12.05"]
[Round "3.4"]
[White "Hobusch, Jan"]
[Black "Lobzhanidze, Davit"]
[Result "1/2-1/2"]
[WhiteElo "2237"]
[BlackElo "2430"]
[PlyCount "69"]
[EventDate "2016.10.16"]
[EventType "team-tourn"]
[EventRounds "9"]
[EventCountry "GER"]
[SourceTitle "EXT 2018"]
[Source "ChessBase"]
[SourceDate "2017.10.13"]
[SourceVersion "1"]
[SourceVersionDate "2017.10.13"]
[SourceQuality "1"]
[WhiteTeam "Solingen II"]
[BlackTeam "Hofheim"]
[WhiteTeamCountry "GER"]
[BlackTeamCountry "GER"]

1. e4 e5 2. Nf3 Nc6 3. Bb5 a6 4. Bxc6 dxc6 5. Nc3 Qd6 6. d4 exd4 7. Qxd4 Qxd4 8. Nxd4 Bd7 9. Be3 Bb4 10. Nde2 0-0-0 11. 0-0-0 Ne7 12. a3 Bd6 13. Na4 Be6 14. Nc5 Bxc5 15. Bxc5 Ng6 16. Be3 Rxd1+ 17. Rxd1 Bd7 18. Nc3 Re8 19. f3 b6 20. Bf2 f5 21. exf5 Bxf5 22. Rd2 h5 23. Re2 Re6 24. Rxe6 Bxe6 25. Ne2 c5 26. Kd2 Kd7 27. Bg3 h4 28. Bf2 h3 29. gxh3 Ne5 30. f4 Nc4+ 31. Kc3 Nd6 32. Ng3 Bxh3 33. Kd3 Ke6 34. b3 g6 35. a4 1/2-1/2

[Event "NED-chT 1617"]
[Site "Netherlands"]
[Date "2016.11.05"]
[Round "3.1"]
[White "Beerdsen, Thomas"]
[Black "Lobzhanidze, Davit"]
[Result "1-0"]
[WhiteElo "2402"]
[BlackElo "2435"]
[PlyCount "77"]
[EventDate "2016.09.17"]
[EventType "team-tourn"]
[EventRounds "9"]
[EventCountry "NED"]
[SourceTitle "EXT 2018"]
[Source "ChessBase"]
[SourceDate "2017.10.13"]
[SourceVersion "1"]
[SourceVersionDate "2017.10.13"]
[SourceQuality "1"]
[WhiteTeam "Apeldoorn"]
[BlackTeam "Groningen Combinatie"]
[WhiteTeamCountry "NED"]
[BlackTeamCountry "NED"]

1. e4 e5 2. Nf3 Nc6 3. Bb5 a6 4. Ba4 Nf6 5. d3 b5 6. Bb3 Be7 7. a4 b4 8. 0-0 0-0 9. Nbd2 d6 10. Nc4 Bg4 11. Be3 Nd7 12. c3 Rb8 13. Ba2 Kh8 14. d4 bxc3 15. bxc3 exd4 16. cxd4 f5 17. exf5 Rxf5 18. Ncd2 Rf8 19. Rc1 Nb4 20. Bb1 c5 21. Qb3 cxd4 22. Bxd4 Bf6 23. Ba7 Rb7 24. Be3 a5 25. Qc4 Bxf3 26. Nxf3 g6 27. Be4 Nb6 28. Qb5 d5 29. Bb1 Rb8 30. Qxa5 Nc4 31. Qxd8 Rfxd8 32. Bd4 Bxd4 33. Nxd4 Ra8 34. f4 Rxa4 35. f5 Ne3 36. Ne6 Nxf1 37. Nxd8 Nd2 38. f6 Ra6 39. Nf7+ 1-0

[Event "BL2-Sued 1516"]
[Site "Germany"]
[Date "2016.03.13"]
[Round "8.3"]
[White "Saric, Ante"]
[Black "Lobzhanidze, Davit"]
[Result "0-1"]
[WhiteElo "2597"]
[BlackElo "2425"]
[PlyCount "64"]
[EventDate "2015.09.20"]
[EventType "team-tourn"]
[EventRounds "9"]
[EventCountry "GER"]
[SourceTitle "EXT 2017"]
[Source "ChessBase"]
[SourceDate "2016.10.25"]
[SourceVersion "1"]
[SourceVersionDate "2016.10.25"]
[SourceQuality "1"]
[WhiteTeam "Schoenaich"]
[BlackTeam "Hofheim"]
[WhiteTeamCountry "GER"]
[BlackTeamCountry "GER"]

1. d4 Nf6 2. c4 e6 3. Nf3 d5 4. g3 Be7 5. Bg2 0-0 6. Qc2 c6 7. 0-0 Nbd7 8. b3 b6 9. Rd1 Ba6 10. Nbd2 c5 11. e4 dxc4 12. Nxc4 cxd4 13. Nxd4 Rc8 14. a4 Bxc4 15. bxc4 e5 16. Nf5 g6 17. Nh6+ Kg7 18. Bh3 Qc7 19. Bg5 Rce8 20. Qc1 Nc5 21. Bxf6+ Bxf6 22. Ng4 Be7 23. Qh6+ Kg8 24. Rd5 Nxe4 25. Qe3 f5 26. Nh6+ Kh8 27. Qd3 Nf6 28. Rb5 Bc5 29. Bg2 e4 30. Qc3 Qg7 31. Rd1 Qxh6 32. Rd7 e3 0-1

[Event "BL2-Sued 1516"]
[Site "Germany"]
[Date "2016.01.31"]
[Round "6.2"]
[White "Lobzhanidze, Davit"]
[Black "Brunner, Nicolas"]
[Result "1/2-1/2"]
[WhiteElo "2425"]
[BlackElo "2422"]
[PlyCount "41"]
[EventDate "2015.09.20"]
[EventType "team-tourn"]
[EventRounds "9"]
[EventCountry "GER"]
[SourceTitle "EXT 2017"]
[Source "ChessBase"]
[SourceDate "2016.10.25"]
[SourceVersion "1"]
[SourceVersionDate "2016.10.25"]
[SourceQuality "1"]
[WhiteTeam "Hofheim"]
[BlackTeam "Brombach"]
[WhiteTeamCountry "GER"]
[BlackTeamCountry "GER"]

1. e4 c5 2. Nf3 d6 3. Bb5+ Bd7 4. c4 Nf6 5. Nc3 g6 6. 0-0 Bg7 7. d4 cxd4 8. Nxd4 0-0 9. Bxd7 Qxd7 10. f3 Rc8 11. b3 d5 12. exd5 Nxd5 13. Nxd5 e6 14. Bh6 exd5 15. Bxg7 Kxg7 16. cxd5 Qxd5 17. Ne2 Qe5 18. Qd4 Nc6 19. Qxe5+ Nxe5 20. Rac1 a6 21. f4 1/2-1/2

[Event "Groningen op-A 53rd"]
[Site "Groningen"]
[Date "2015.12.27"]
[Round "6"]
[White "Van Foreest, Jorden"]
[Black "Lobzhanidze, Davit"]
[Result "1-0"]
[WhiteElo "2547"]
[BlackElo "2425"]
[PlyCount "97"]
[EventDate "2015.12.21"]
[EventType "swiss"]
[EventRounds "9"]
[EventCountry "NED"]
[SourceTitle "CBM 170 Extra"]
[Source "ChessBase"]
[SourceDate "2016.02.25"]
[SourceVersion "1"]
[SourceVersionDate "2016.02.25"]
[SourceQuality "1"]

1. e4 e5 2. Nf3 Nc6 3. Bb5 a6 4. Ba4 Nf6 5. 0-0 Be7 6. d3 b5 7. Bb3 d6 8. a3 0-0 9. Nc3 Be6 10. Nd5 Na5 11. Nxf6+ Bxf6 12. Bxe6 fxe6 13. b4 Nc6 14. c3 Ne7 15. Be3 Ng6 16. g3 d5 17. Qe2 dxe4 18. dxe4 Qd7 19. Nd2 Rfd8 20. Nb3 Qd3 21. Qxd3 Rxd3 22. Rfc1 Be7 23. Kf1 Nf8 24. Ke2 Rdd8 25. Na5 Bd6 26. c4 bxc4 27. Rxc4 h6 28. Rd1 Kf7 29. Nb7 Rd7 30. Rc6 Ke7 31. Bc5 Bxc5 32. Nxc5 Rxd1 33. Kxd1 a5 34. Rxc7+ Kd6 35. Rxg7 axb4 36. axb4 Ra1+ 37. Ke2 Rb1 38. Rb7 Rb2+ 39. Ke3 h5 40. Rb8 Ke7 41. b5 Rc2 42. Rb7+ Kd8 43. Rf7 Ke8 44. Rc7 Rb2 45. b6 Rxb6 46. Rc8+ Ke7 47. Rxf8 Rc6 48. Nxe6 Kxe6 49. Rh8 1-0

[Event "Groningen op-A 53rd"]
[Site "Groningen"]
[Date "2015.12.21"]
[Round "1"]
[White "Lobzhanidze, Davit"]
[Black "Dehn, Marcus"]
[Result "1-0"]
[WhiteElo "2425"]
[BlackElo "2152"]
[PlyCount "36"]
[EventDate "2015.12.21"]
[EventType "swiss"]
[EventRounds "9"]
[EventCountry "NED"]
[SourceTitle "CBM 170 Extra"]
[Source "ChessBase"]
[SourceDate "2016.02.25"]
[SourceVersion "1"]
[SourceVersionDate "2016.02.25"]
[SourceQuality "1"]

1. e4 c6 2. d4 d5 3. e5 a6 4. c4 g6 5. h3 Bg7 6. Nf3 Nh6 7. Nc3 0-0 8. Be2 b5 9. c5 f6 10. exf6 exf6 11. Bf4 Nf7 12. Qd2 Nd7 13. g4 Re8 14. 0-0-0 Nf8 15. Be3 Qa5 16. Bd3 Ra7 17. Kb1 Rae7 18. Nxd5 Qb6 1-0

[Event "NED-chT 1415"]
[Site "Netherlands"]
[Date "2015.03.21"]
[Round "7.2"]
[White "Lobzhanidze, Davit"]
[Black "Kevlishvili, Robby"]
[Result "1/2-1/2"]
[WhiteElo "2435"]
[BlackElo "2313"]
[PlyCount "99"]
[EventDate "2014.09.27"]
[EventType "team-tourn"]
[EventRounds "9"]
[EventCountry "NED"]
[SourceTitle "EXT 2016"]
[Source "ChessBase"]
[SourceDate "2015.10.08"]
[SourceVersion "1"]
[SourceVersionDate "2015.10.08"]
[SourceQuality "1"]
[WhiteTeam "Groningen"]
[BlackTeam "Rotterdam"]
[WhiteTeamCountry "NED"]
[BlackTeamCountry "NED"]

1. e4 c5 2. Nc3 d6 3. f4 g6 4. Nf3 Bg7 5. Bb5+ Bd7 6. Bxd7+ Qxd7 7. 0-0 Nc6 8. d3 e6 9. Be3 Nd4 10. Bxd4 cxd4 11. Ne2 Qb5 12. Rb1 Ne7 13. c3 dxc3 14. bxc3 Qd7 15. Qb3 b6 16. Nfd4 0-0 17. f5 Bxd4+ 18. Nxd4 e5 19. f6 exd4 20. fxe7 Qxe7 21. cxd4 Rac8 22. Rbc1 Rxc1 23. Rxc1 Qg5 24. Qc3 Qe3+ 25. Kf1 d5 26. Re1 Qf4+ 27. Kg1 Re8 28. e5 Qg4 29. h3 Rc8 30. Qb2 Qg3 31. Rf1 Qe3+ 32. Kh2 Qxd3 33. Qf2 Qf5 34. Qe1 Qd7 35. Rf6 Rc6 36. Rxc6 Qxc6 37. Qb4 a5 38. Qe7 Qe6 39. Qd8+ Kg7 40. a4 h6 41. h4 h5 42. Kg1 Qc6 43. Kh2 Qe6 44. Kg1 Kh7 45. Qf8 Qf5 46. g3 Qb1+ 47. Kh2 Qc2+ 48. Kh3 Qf5+ 49. Kg2 Qd7 50. Kf1 1/2-1/2

[Event "Groningen op 52nd"]
[Site "Groningen"]
[Date "2014.12.21"]
[Round "1"]
[White "Lobzhanidze, Davit"]
[Black "Mollema, Thomas"]
[Result "1/2-1/2"]
[WhiteElo "2433"]
[BlackElo "2136"]
[PlyCount "105"]
[EventDate "2014.12.21"]
[EventType "swiss"]
[EventRounds "9"]
[EventCountry "NED"]
[SourceTitle "CBM 164 Extra"]
[Source "ChessBase"]
[SourceDate "2015.03.02"]
[SourceVersion "1"]
[SourceVersionDate "2015.03.02"]
[SourceQuality "1"]

1. e4 e5 2. Nf3 Nc6 3. Bb5 a6 4. Ba4 Nf6 5. d3 d6 6. c3 g6 7. 0-0 Bg7 8. Nbd2 0-0 9. Bxc6 bxc6 10. d4 exd4 11. cxd4 Nd7 12. Nb3 Rb8 13. Qc2 Bb7 14. Re1 Ba8 15. Bf4 Re8 16. Rad1 Nf6 17. Nfd2 Qd7 18. f3 Re7 19. Nc4 Rbe8 20. Nca5 Nh5 21. Bd2 f5 22. exf5 Qxf5 23. Qxf5 Rxe1+ 24. Rxe1 Rxe1+ 25. Bxe1 gxf5 26. Bd2 Kf7 27. Kf2 Ke6 28. Ke2 Nf6 29. Kd3 Nd7 30. Nc4 Nb6 31. Ba5 Nd5 32. g3 Bh6 33. f4 Bg7 34. Ne3 Nxe3 35. Kxe3 Kd7 36. Bc3 Bb7 37. Na5 Ba8 38. Nc4 Bb7 39. Kd3 Bh6 40. Ne3 Ke6 41. Ba5 c5 42. dxc5 Be4+ 43. Kd2 dxc5 44. Bxc7 Bg7 45. Be5 Bxe5 46. fxe5 Kxe5 47. Kc3 Bb1 48. Nc4+ Kd5 49. a3 h5 50. Nd2 Be4 51. Nc4 Bf3 52. Nd2 Be4 53. Nc4 1/2-1/2

[Event "BL2-Sued 1415"]
[Site "Germany"]
[Date "2014.12.07"]
[Round "4.2"]
[White "Lobzhanidze, Davit"]
[Black "Schmaltz, Roland"]
[Result "1/2-1/2"]
[WhiteElo "2435"]
[BlackElo "2524"]
[PlyCount "92"]
[EventDate "2014.09.21"]
[EventType "team-tourn"]
[EventRounds "9"]
[EventCountry "GER"]
[SourceTitle "CBM 166 Extra"]
[Source "ChessBase"]
[SourceDate "2015.06.18"]
[SourceVersion "1"]
[SourceVersionDate "2015.06.18"]
[SourceQuality "1"]
[WhiteTeam "Hofheim"]
[BlackTeam "Baden-Baden II"]
[WhiteTeamCountry "GER"]
[BlackTeamCountry "GER"]

1. e4 g6 2. d4 Bg7 3. Nc3 d6 4. Be3 a6 5. a4 b6 6. Nf3 e6 7. g3 Nf6 8. Bg2 Bb7 9. Nd2 0-0 10. 0-0 Nc6 11. Nb3 Nb4 12. a5 b5 13. h3 Rb8 14. Qd2 Re8 15. Rac1 Nc6 16. Rcd1 Ne7 17. Qd3 Qc8 18. Na2 Nd7 19. c3 h6 20. Rfe1 Kh7 21. f4 f5 22. exf5 gxf5 23. Bf2 Bxg2 24. Kxg2 Qb7+ 25. Qf3 Nd5 26. Nb4 N7f6 27. Nxd5 Qxd5 28. Qxd5 Nxd5 29. Re2 Kg6 30. Rde1 Kf7 31. Kf3 h5 32. Nc1 Bf6 33. Nd3 c6 34. Nb4 Nxb4 35. cxb4 Rbc8 36. Rc2 Ke7 37. Rec1 Kd7 38. b3 Rg8 39. h4 Rg4 40. Re2 Rg6 41. Rec2 Be7 42. Re2 Bf8 43. Rec2 Rg7 44. Re2 Re7 45. Rd1 Ree8 46. Rc2 d5 1/2-1/2

[Event "BL2-Sued 1415"]
[Site "Germany"]
[Date "2014.10.19"]
[Round "2.2"]
[White "Lobzhanidze, Davit"]
[Black "Galdunts, Sergey"]
[Result "1/2-1/2"]
[WhiteElo "2435"]
[BlackElo "2428"]
[PlyCount "39"]
[EventDate "2014.09.21"]
[EventType "team-tourn"]
[EventRounds "9"]
[EventCountry "GER"]
[SourceTitle "CBM 166 Extra"]
[Source "ChessBase"]
[SourceDate "2015.06.18"]
[SourceVersion "1"]
[SourceVersionDate "2015.06.18"]
[SourceQuality "1"]
[WhiteTeam "Hofheim"]
[BlackTeam "Moerlenbach Birkenau"]
[WhiteTeamCountry "GER"]
[BlackTeamCountry "GER"]

1. e4 e5 2. Nf3 Nc6 3. Bb5 a6 4. Ba4 Nf6 5. d3 b5 6. Bb3 Be7 7. a4 Rb8 8. axb5 axb5 9. Nc3 0-0 10. 0-0 d6 11. h3 Nb4 12. Ne2 c5 13. c3 Nxd3 14. Qxd3 c4 15. Bxc4 bxc4 16. Qxc4 Be6 17. Qd3 Qc7 18. Qe3 Rb7 19. Ng3 Re8 20. Re1 1/2-1/2

[Event "BL2-Sued 1415"]
[Site "Germany"]
[Date "2014.09.21"]
[Round "1.2"]
[White "Kantans, Toms"]
[Black "Lobzhanidze, Davit"]
[Result "1-0"]
[WhiteElo "2496"]
[BlackElo "2435"]
[PlyCount "71"]
[EventDate "2014.09.21"]
[EventType "team-tourn"]
[EventRounds "9"]
[EventCountry "GER"]
[SourceTitle "CBM 166 Extra"]
[Source "ChessBase"]
[SourceDate "2015.06.18"]
[SourceVersion "1"]
[SourceVersionDate "2015.06.18"]
[SourceQuality "1"]
[WhiteTeam "Speyer Schwegenheim"]
[BlackTeam "Hofheim"]
[WhiteTeamCountry "GER"]
[BlackTeamCountry "GER"]

1. c4 e5 2. g3 Nc6 3. Bg2 g6 4. Nc3 Bg7 5. Rb1 f5 6. b4 Nf6 7. b5 Ne7 8. Qb3 d6 9. h4 h6 10. d3 Nd7 11. Be3 Nf8 12. f4 Ne6 13. Nf3 c5 14. bxc6 bxc6 15. Qa3 Nd4 16. Kd2 0-0 17. h5 Nxf3+ 18. Bxf3 e4 19. dxe4 fxe4 20. Nxe4 d5 21. cxd5 Nxd5 22. Ke1 Bf5 23. Rb7 Re8 24. Rxg7+ Kxg7 25. Bd4+ Kg8 26. Nd6 Re6 27. Be5 Qb6 28. hxg6 Qb1+ 29. Kf2 Qb6+ 30. e3 Rxe5 31. fxe5 Rf8 32. Rxh6 Qb1 33. Nxf5 Qc2+ 34. Kg1 Qxf5 35. Qxa7 Qb1+ 36. Kh2 1-0

[Event "Hofheim Spring op-A 2nd"]
[Site "Hofheim"]
[Date "2014.04.25"]
[Round "6"]
[White "Kantans, Toms"]
[Black "Lobzhanidze, Davit"]
[Result "1/2-1/2"]
[WhiteElo "2437"]
[BlackElo "2451"]
[PlyCount "66"]
[EventDate "2014.04.22"]
[EventType "swiss"]
[EventRounds "9"]
[EventCountry "GER"]
[SourceTitle "CBM 160 Extra"]
[Source "ChessBase"]
[SourceDate "2014.07.01"]
[SourceVersion "1"]
[SourceVersionDate "2014.07.01"]
[SourceQuality "1"]

1. e4 e5 2. Nf3 Nc6 3. d4 exd4 4. Nxd4 Bb4+ 5. c3 Bc5 6. Be3 Bb6 7. Nf5 g6 8. Nd4 Nf6 9. Nd2 h6 10. Qa4 Ng4 11. Nxc6 dxc6 12. Bxb6 cxb6 13. Qc2 Qf6 14. Nf3 Be6 15. Be2 0-0-0 16. 0-0 Ne5 17. Nxe5 Qxe5 18. b4 g5 19. Rad1 Rxd1 20. Rxd1 Rd8 21. Rxd8+ Kxd8 22. Qd2+ Kc7 23. f3 c5 24. g3 cxb4 25. cxb4 Qa1+ 26. Kf2 Qxa2 27. Qc3+ Kd7 28. f4 gxf4 29. gxf4 Bg4 30. Qd4+ Ke7 31. Qe5+ Kf8 32. Qh8+ Ke7 33. Qe5+ Kf8 1/2-1/2